000 01060nam a22003377a 4500
001 BR8502607
003 BR-BrBNA
005 20230928092200.0
007 ta
008 230509b bl.||||| |||| 00| 0 por d
040 _aBR-BrBNA
_bpor
_cBiblioteca Nacional de Agricultura
041 _a(Por)
072 _aF04
_b1910
_b3810
_b3820
_b3830
_b3840
090 _ 1910 BR8502607
110 1 _aInstituto de Zootecnia, Nova Odessa, SP (Brasil)
_96281
111 1 _a1. Simposio sobre Calagem e Adubacao de Pastagens
_cNova Odessa, SP (Brazil)
_d21-25 Oct 1985
245 1 _aResumo dos trabalhos do 1. Simposio sobre Calagem e Adubacao de Pastagens
260 3 _aNova Odessa, SP (Brasil):
_c1985.
300 _a41 p.
500 _aSummary only
650 _aPASTAGEM
650 _aPLANTA FORRAGEIRA
650 _aADUBACAO
650 _aCALAGEM
650 _aFERTILIZANTE FOSFATADO
650 _aFERTILIZANTE POTASSICO
650 _aFERTILIZANTE NITROGENADO
650 _aEXIGENCIA NUTRICIONAL
909 _a202309
_bLucia
_c55
_dLucia Elande
942 _cBK
999 _c37561
_d37561